Statistiques concernant Cours d'italien 7 - Exprimer des sentiments

Cliquez ici pour prendre le quiz!

Statistiques générales

  • Ce quiz a été pris 52 fois
  • Le résultat moyen est 5 sur 21

Statistiques - réponses

FranceseItaliano% Correct
Je t'aimeTi amo
100%
Je suis tristeSono triste
68%
Je suis heureuxSono felice
56%
C'est parfaitE perfetto
48%
C'est trop grandE' troppo grande
48%
C'est trop petitE' troppo piccolo
48%
Est-ce que tu veux sortir ce soir ?Vuoi uscire stasera ?
20%
Non merci, je suis assez fatiguéNo grazie, sono abbastanza stanco
16%
Je n'ai pas envie de sortir ce soirNon ho voglia di uscire stasera
16%
J'aimerais sortir ce soirVorrei uscire stasera
16%
Est-ce-que tu veux faire du sportVuoi fare sport ?
16%
Ce n'est pas une bonne idéeNon è una buon'idea
12%
C'est une bonne idéeE una buon'idea
8%
J'ai envie de me reposerHo voglia di riposarmi
8%
J'aime beaucoup ton paysIl tuo paese mi piace molto
4%
Je me sens bien iciSto bene qui
4%
J'ai envie de m'amuserHo voglia di divertirmi
0%
Je joue au tennisIo gioco a tennis
0%
J'ai chaudSento caldo
0%
J'ai froidSento freddo
0%
Oui, j'ai besoin de me défouler !Si, ho bisogno di sfogarmi !
0%

Distribution des résultats

Percentile par nombre de réponses

% des personnes avec chaque résultat

Votre développement - résultats

Vous n’avez pas pris ce quiz